000 00522nab a2200145Ia 4500
003 ES-SlBCS
005 20210601133741.0
008 140529s2009 xxu||||| |||| 00| 0 por d
041 _apor
100 1 _aPagni, Pedro Ângelo
_9209212
245 0 0 _aDimensao estética, linguagem e comunicaçao na experiência educativa: divergências entre Dewey e Adorno
_c Pedro Ângelo Pagni
650 0 4 _aExperiencia Educativa
_9209213
773 0 _tEducaçao e Filosofia
_gvol. 23, nº. 46, 2009, págs. 169-188
_wRev1534
942 _cAR
999 _c601520
_d601520